Simón y el carro de fuego

সংরক্ষণ করুন:
গ্রন্থ-পঞ্জীর বিবরন
প্রধান লেখক: Balcells, Jacqueline (Author)
বিন্যাস: গ্রন্থ
ভাষা:স্প্যানিশ
প্রকাশিত: Santiago SM 2004
সংস্করন:1a. ed
মালা:El Barco de Vapor, 3
বিষয়গুলি:
ট্যাগগুলো: ট্যাগ যুক্ত করুন
কোনো ট্যাগ নেই, প্রথমজন হিসাবে ট্যাগ করুন!

MARC

LEADER 00000nam a2200000 a 4500
001 UCH9766
003 CL-VaPUC
008 100121e20041100CL |||||||||||||||||spa|d
020 |a 9562642631 
082 0 4 |a Ch863  |b BAL  |2 21 
100 0 |a Balcells, Jacqueline  |e author  |9 547027 
245 1 0 |a Simón y el carro de fuego 
250 |a 1a. ed 
300 |a 240 p 
942 |c BK 
945 |d 20100121 00:00:00  |a dcastane 
260 |a Santiago  |b SM  |c 2004 
650 0 |a Literatura chilena   |9 308278 
650 0 |a Cuentos chilenos   |9 308280 
650 0 |a Cuentos infantiles  |9 308044 
583 |a last modification  |c 20100121 00:00:00  |k Rodrigo Vera 
490 0 |a El Barco de Vapor, 3 
999 |c 339655  |d 339653